| 000 | 01684cam a22003854i 4500 | ||
|---|---|---|---|
| 003 | PE-LiUPU | ||
| 005 | 20250731183437.0 | ||
| 008 | 150706s r 000 0 d | ||
| 035 | _a(Sirsi) a52100 | ||
| 040 |
_aPE-LiUPU _bspa _cPE-LiUPU _erda |
||
| 049 | _aPRUA | ||
| 082 | 0 | 4 |
_a747 _bD2 _221 |
| 110 | 2 | _aEl comercio S. A., Empresa Editora | |
| 245 | 1 | 0 |
_aDecora con estilo : _bconceptos, ideas y consejos, arma tu espacio / _cEl Comercio S. A., Empresa Editora. |
| 264 | 1 |
_aLima : _bEl Comercio, _c[20 --]. |
|
| 300 |
_a11 fascículos : _bilustraciones col ; _c23 cm. |
||
| 336 |
_atext _2rdacontent |
||
| 337 |
_aunmediated _2rdamedia |
||
| 338 |
_avolume _2rdacarrier |
||
| 500 | _aDatos tomados de la cubierta. | ||
| 505 | 0 | _aDecorar el interior -- El espacio -- Color -- Muebles -- Materiales y texturas -- Iluminación -- Tapices, alfonbras y cortinas -- Ambientar y reciclar -- Tendencias y estilos -- Detalles para el interior -- Los mejores consejos -- Conceptos básicos. | |
| 526 | _aP158 | ||
| 526 | _aP146 | ||
| 526 | _aP17 | ||
| 526 | _aP12 | ||
| 526 | _aP06 | ||
| 650 | 0 | 4 |
_aDecoración de interiores _vManuales. |
| 910 |
_agl _clch _d20130428 |
||
| 942 |
_2ddc _cBOOK |
||
| 949 |
_a747 D2 _wDEWEY _c1 _i66534 _lCCODEBUL1 _mBUL _p15.00 _r0 _sY _tLIBRO _u2015-07-06 _xBIBLIOTECA _zUNKNOWN _o.STAFF. Colección General |
||
| 994 |
_aC0 _bPEPRU |
||
| 596 | _a1 | ||
| 999 |
_a747 D2 _wDEWEY _c54696 _i66534 _d54696 _e2018-11-2 _f2021-11-10 _g7 _lCCODEBUL1 _mBUL _n11 _p15.00 _q3 _r0 _sY _tBOOK _u2015-7-6 _xINGENIERIA _zUNKNOWN _0COMPRA _o.STAFF. Colección General |
||
| 980 |
_81 _gALBERTO SANCHEZ Responsable de Automatización |
||